| 000 -LEADER |
| fixed length control field |
00407nam a22001817a 4500 |
| 005 - DATE AND TIME OF LATEST TRANSACTION |
| control field |
20260410132716.0 |
| 008 - FIXED-LENGTH DATA ELEMENTS--GENERAL INFORMATION |
| fixed length control field |
260410b ||||| |||| 00| 0 eng d |
| 082 ## - DEWEY DECIMAL CLASSIFICATION NUMBER |
| Edition number |
1 |
| 245 ## - TITLE STATEMENT |
| Title |
The Hobbit |
| 260 ## - PUBLICATION, DISTRIBUTION, ETC. |
| Place of publication, distribution, etc. |
United Kingdom |
| Name of publisher, distributor, etc. |
George Allen & Unwin |
| Date of publication, distribution, etc. |
September 21,1937 |
| 264 #1 - PRODUCTION, PUBLICATION, DISTRIBUTION, MANUFACTURE, AND COPYRIGHT NOTICE |
| Materials specified |
1 |
| 337 ## - MEDIA TYPE |
| Source |
1 |
| 338 ## - CARRIER TYPE |
| Source |
1 |
| 526 ## - STUDY PROGRAM INFORMATION NOTE |
| Classification |
000-099 General References or Works |
| 655 ## - INDEX TERM--GENRE/FORM |
| Source of term |
1 |
| 700 1# - ADDED ENTRY--PERSONAL NAME |
| Personal name |
J. R. R. Tolkien |
| 942 ## - ADDED ENTRY ELEMENTS |
| Source of classification or shelving scheme |
|
| Item type |
FICTION BOOK |
| Koha issues (borrowed), all copies |
1 |